000 00527nam a2200181Ia 4500
005 20250508161714.0
008 008 250505s9999 xx 000 0 eng d
037 _aBooks to be hide in OPAC
040 _aFEDL
_beng
_cFEDL
041 _aeng
_2eng
084 _a327.60073, MCK/O
_qFEDL
100 _aMcKay Vernon
245 0 _aAfrica in the United States
260 _aNew York, USA
_bMacfadden-Bartell Corporation
_c1970
300 _a64p.
942 _cHB
_h327.60073, MCK/O
999 _c1371645
_d1371645